| 000 | 00000nim 2200000zi 4500 |
| 001 | 9.954213 |
| 003 | CaOODSP |
| 005 | 20250818152256 |
| 006 | m o h f |
| 007 | cr nna|||||||| |
| 008 | 250818s2025 oncnnnn o t n eng d |
| 033 | 00|a20250818 |
| 040 | |aCaOODSP|beng|erda|cCaOODSP |
| 043 | |an-cn---|an-us--- |
| 086 | 1 |aCS452-00003/2025-5E-MP3 |
| 100 | 1 |aLin, Jane, |einterviewee. |
| 245 | 10|aEh sayers episode 27 - Canadians just aren't California dreamin' these days. |
| 264 | 1|a[Ottawa] : |b[Statistics Canada], |c[2025] |
| 300 | |a1 online resource (1 audio file (10 min., 56 sec.)) |
| 336 | |aspoken word|bspw|2rdacontent |
| 337 | |aaudio|bs|2rdamedia |
| 337 | |acomputer|bc|2rdamedia |
| 338 | |aonline resource|bcr|2rdacarrier |
| 344 | |3Statistics Canada|adigital|2rdatr |
| 347 | |3Statistics Canada|aaudio file|2rdaft |
| 347 | |3Statistics Canada|bMP3|c25.0 MB|f320 kbps |
| 500 | |aIssued also in French under title: Hé-coutez bien! Épisode 27 - les Canadiens ne rêvent pas de la Californie ces temps-ci. |
| 500 | |aComponent of Eh sayers podcast. |
| 500 | |aAvailable as streaming audio or as downloadable MP3 file. |
| 511 | 0 |aTegan Bridge, host, interviewer. |
| 518 | |aOriginally broadcast 2025 July 15. |
| 520 | |a"If you've changed your plans to visit the US recently, you're not alone. Nowadays, Canadians are more likely to be singing along to "Bobcaygeon" than "Sweet Home Alabama." Today, we're sitting down with Jane Lin, of the Tourism Statistics Program at Statistics Canada, to dig into StatCan's tourism data and talk about how travel is different these days"--Supplied from publisher. |
| 588 | |aDescription based on online resource; title from resource web page (Statistics Canada, viewed August 18, 2025). |
| 600 | 10|aLin, Jane|vInterviews. |
| 610 | 20|aStatistics Canada|xOfficials and employees|vInterviews. |
| 650 | 0|aCanadians|xTravel|zUnited States|vStatistics. |
| 650 | 0|aAmericans|xTravel|zCanada|vStatistics. |
| 655 | 7|aPodcasts|2lcgft |
| 655 | 7|aInterviews (Sound recordings)|2lcgft |
| 655 | 7|aSound recordings|2lcgft |
| 655 | 7|aStatistics|2lcgft |
| 700 | 1 |aBridge, Tegan, |ehost, |einterviewer. |
| 710 | 2 |aStatistics Canada, |eissuing body. |
| 775 | 08|tHé-coutez bien! : |w(CaOODSP)9.954214 |
| 856 | 40|qMP3|s25.0 MB|uhttps://publications.gc.ca/collections/collection_2025/statcan/45-20-0003/CS452-00003-2025-5-eng.mp3 |
| 856 | 4 |qHTML|sN/A|uhttps://www.statcan.gc.ca/en/sc/podcasts/eh-sayers-ep27 |